|
|
|
|
| LEADER |
00000nab#a22000007a#4500 |
| 001 |
arbauad046203 |
| 003 |
AR-BaUAD |
| 005 |
20250711113543.0 |
| 008 |
000831|||||||||###||||||b###|0###a|spa|| |
| 040 |
|
|
|a AR-BaUAD
|c AR-BaUAD
|b spa
|
| 245 |
1 |
0 |
|a Review of seven films
|
| 653 |
|
|
|a CINE
|
| 653 |
|
|
|a CRITICAS
|
| 653 |
|
|
|a LARGOMETRAJES
|
| 653 |
|
|
|a DIRECTORES DE CINE
|
| 653 |
|
|
|a ESTADOS UNIDOS
|
| 653 |
|
|
|a FIGGIS, MIKE
|
| 653 |
|
|
|a BRAKHAGE, STAN
|
| 653 |
|
|
|a FRANCIA
|
| 653 |
|
|
|a DUMONT, BRUNO
|
| 653 |
|
|
|a REINO UNIDO
|
| 653 |
|
|
|a O'DONNELL, DAMIEN
|
| 653 |
|
|
|a TEMPLE, JULIEN
|
| 653 |
|
|
|a AUSTRALIA
|
| 653 |
|
|
|a CURRAN, JOHN
|
| 653 |
|
|
|a RUDOLPH, ALAN
|
| 773 |
0 |
|
|t FILM COMMENT
|g Nº3 [mayo-jun. 2000], p. 71-77
|
| 942 |
|
|
|c ARTI
|
| 952 |
|
|
|0 0
|1 0
|4 0
|7 0
|9 91122
|a AR-BAuAD
|b AR-BAuAD
|d 2025-07-11
|l 0
|p AAQA046203
|r 2025-07-11 11:35:43
|w 2025-07-11
|y ARTI
|
| 990 |
|
|
|a C200
|b TD
|
| 998 |
|
|
|a AAQ
|b BIBUN76
|
| 999 |
|
|
|c 70795
|d 70795
|